2010 US Baby Girl Names with the Most Spelling Variations - Statistics

General Stats
  • This quiz has been taken 875 times
  • The average score is 11 of 33
Answer Stats
Number of Spellings Starting Letter(s) Answer % Correct
8 H Hailee, Hailey, Haleigh, Haley, Haylee, Hayleigh, Hayley, Haylie
72%
7 C/K Caitlin, Caitlyn, Kaitlin, Kaitlyn, Kaitlynn, Katelyn, Katelynn
71%
4 M Maddison, Madison, Madisyn, Madyson
60%
5 E Emely, Emilee, Emilie, Emily, Emmalee
57%
7 C/K Caylee, Kailee, Kailey, Kaylee, Kayleigh, Kaylie, Kaleigh
55%
4 R Riley, Rylee, Ryleigh, Rylie
48%
6 L Laila, Lailah, Layla, Laylah, Leila, Leyla
44%
5 N Natalee, Natalie, Nataly, Nathalie, Nathaly
43%
6 A Alison, Alisson, Allison, Allisson, Allyson, Alyson
40%
4 B Breanna, Briana, Brianna, Bryanna
39%
5 J Jasmin, Jasmine, Jazmin, Jazmine, Jazmyn
39%
4 A Ariana, Arianna, Aryana, Aryanna
38%
4 K Kiley, Kylee, Kyleigh, Kylie
38%
4 M Maia, Maya, Mya, Myah
38%
4 A Addison, Addisyn, Addyson, Adyson
37%
6 A/E Alaina, Alana, Alayna, Alena, Elaina, Elena
37%
6 A Aaliyah, Aleah, Aleigha, Aliya, Aliyah, Alia
33%
4 A Abagail, Abbigail, Abigail, Abigale
33%
10 C/K Carlee, Carleigh, Carley, Carlie, Carly, Karlee, Karley, Karli, Karlie, Karly
32%
4 P Payten, Payton, Paityn, Peyton
32%
4 A Anabel, Anabelle, Annabel, Annabelle
28%
6 L Liliana, Lilianna, Lilliana, Lillianna, Lilyana, Lilyanna
27%
4 L Lila, Lilah, Lyla, Lylah
22%
6 M Madalyn, Madalynn, Madelyn, Madelynn, Madilyn, Madilynn
21%
5 C Charlee, Charleigh, Charley, Charli, Charlie
20%
5 A Adalyn, Adalynn, Adelyn, Adelynn, Addilyn
19%
5 J Jaden, Jadyn, Jaiden, Jaidyn, Jayden
17%
4 M Macey, Maci, Macie, Macy
15%
4 J Jocelyn, Jocelynn, Joselyn, Joslyn
14%
5 A Amiah, Amiya, Amiyah, Amya, Amaya
10%
4 C/K Cadence, Caydence, Kadence, Kaydence
10%
4 M Maleah, Malia, Maliah, Maliyah
8%
4 R Raina, Rayna, Reina, Reyna
3%
No matching quizzes found
Score Distribution
Percent of People with Each Score
Percentile by Number Answered
Your Score History
You have not taken this quiz